| 000 | 00574nam a2200205 a 4500 | ||
|---|---|---|---|
| 003 | OSt | ||
| 005 | 20151105143940.0 | ||
| 008 | 020226s2001 spa 0 0 | ||
| 020 | _a84-08-03837-0 | ||
| 040 | _cBMC | ||
| 082 | _a928.2416 | ||
| 100 | 1 |
_aVillena, Luis Antonio de _930039 |
|
| 245 | 1 | 4 |
_aWilde total _b: la vida, el mundo, el personaje _cLuis Antonio de Villena |
| 250 | _a1ª ed | ||
| 260 |
_aBarcelona _bPlaneta _cCop. 2001 |
||
| 300 |
_a301 p. _c24 cm |
||
| 490 | 0 | _aPlaneta singular | |
| 600 | 1 | 4 |
_aWilde, Oscar _xBiografías _937214 _d1854-1900 |
| 942 |
_2ddc _cBK |
||
| 999 |
_c23334 _d23334 |
||